Представление документа в формате RUSMARC

ПолеНазваниеЗначение
  Тип записи a
  Библиографический уровень m
001 Контрольный номер RU/IS/BASE/375897436
005 Дата корректировки 20201206204807.1
010 Индекс ISBN __
d Цена 300-00
100 Данные общей обработки __
a Данные общей обработки 19080227d2006 |||y0rusy0189 ca
101 Язык документа __
a Язык текста rus
102 Страна публикации __
a Страна публикации RU
105 Кодированные данные (монография) __
a Кодированные данные (монография) a |||||||zy
200 Заглавие и сведения об ответственности __
a Заглавие Особо охраняемые природные территории Свердловской области как объекты экологического туризма
f Первые сведения об ответственности [авт.-сост. С. А. Новопашин, И. Ю. Захарова]
b Общее обозначение материала Текст
210 Выходные данные __
a Место издания Екатеринбург
c Издательство [Баско]
d Дата издания 2006
215 Физическое описание __
a Объем 159 с.
c Иллюстрации/тип воспроизводства ил., цв. ил.
d Формат 27
320 Библиография __
a Библиография Библиогр.: с. 155-158
330 Аннотация __
a Аннотация В книге авторы обращаются к ООПТ Свердловской области и достаточно доказательно раскрывают их роль и место в развитии экологического туризма. В специальной главе приводится классификация ООПТ в России и за рубежом, подчеркивается особенность разных форм заповедных территорий, перспективы развития и трудности в этом деле. Дается подробная характеристика ООПТ в Свердловской области, их проблемы и возможные пути решения.
606 Тематические рубрики __
a Основная рубрика Биология
y Географическая подрубрика Свердловская область; Россия; РФ; Российская Федерация
606 Тематические рубрики __
a Основная рубрика Прикладная биология
606 Тематические рубрики __
a Основная рубрика Экономика
606 Тематические рубрики __
a Основная рубрика Экономика туризма
610 Ключевые слова __
a Ключевые слова экологический туризм; особо охраняемые природные территории; особо охраняемые территории; природные территории; въездной туризм; внутренний туризм; турпродукт; продвижение турпродукта; экотуризм; экологическая безопасность
a Ключевые слова туристский продукт
686 Индексы других классификаций __
a Классификационный индекс 28.088л64
686 Индексы других классификаций __
a Классификационный индекс 65.433.5
702 Вторичная интеллектуальная ответственность _1
a Фамилия Новопашин
b Имя С. А.
4 Код отношения Составитель
4 Код отношения 220
702 Вторичная интеллектуальная ответственность _1
a Фамилия Захарова
b Имя И. Ю.
4 Код отношения Составитель
4 Код отношения 220
801 Источник записи _0
a Страна RU
b Организация Муниципальное бюджетное учреждение культуры "Централизованная библиотечная система" г. Сургут (Центральная городская библиотека им. А. С. Пушкина)
c Дата составления 20080227
g Правила каталогизации КиК/Котельникова
801 Источник записи _1
a Страна RU
b Организация Муниципальное бюджетное учреждение культуры "Централизованная библиотечная система" г. Сургут (Центральная городская библиотека им. А. С. Пушкина)
c Дата составления 20080227
g Правила каталогизации КиК/Котельникова
852 Данные о местонахождении __
j Шифр хранения 28.088л64
i Авторский знак О-75
901 Тип документа __
t Тип документа m
903 Характеристики (МАРС) __
a Дата передачи 20110623
990 Данные о заказе (DOS) __
j Количество экземпляров (DOS) 1
t N записи в КСУ для И/У (DOS) 201107